Statistiques concernant Pays avec les universités les plus élites

Cliquez ici pour prendre le quiz!

Statistiques générales

  • Ce quiz a été pris 268 fois
  • Le résultat moyen est 13 sur 15

Statistiques - réponses

#pays% Correct
5France
100%
47Etats-Unis
99%
28Royaume-Uni
97%
12Chine
96%
11Allemagne
95%
7Canada
95%
9Japon
95%
3Espagne
93%
9Australie
86%
5Suède
81%
7Suisse
79%
4Belgique
78%
10Pays-Bas
75%
7Corée du Sud
71%
3Danemark
64%

Distribution des résultats

Percentile par nombre de réponses

% des personnes avec chaque résultat

Votre développement - résultats

Vous n’avez pas pris ce quiz